| 000 | 00533nam a2200193Ia 4500 | ||
|---|---|---|---|
| 008 | 180207s9999 xx 000 0 und d | ||
| 020 | _a9781595662576 | ||
| 050 | _bF264 2006 | ||
| 100 | _aFaundez, Anne | ||
| 245 | _aOne, two, buckle my shoe / | ||
| 245 | _ccompiled by Anne Faundez ; illustrated by Brett Hudson. | ||
| 260 | _aLaguna Hills, California : | ||
| 260 | _bQEB Publishing, | ||
| 260 | _c2006 | ||
| 300 | _a24 pages : | ||
| 300 | _bchiefly colored ; | ||
| 300 | _c21cm. | ||
| 440 | _aStart reading and talking. | ||
| 999 |
_c355711 _d355711 |
||